[Event "GER-ch U10"]
[Site "Willingen"]
[Date "2006.06.07"]
[Round "8"]
[White "Nelson, Philip"]
[Black "Pfadenhauer, Johannes"]
[Result "1/2-1/2"]
[WhiteElo "1103"]
[BlackElo "1281"]
[PlyCount "40"]
[EventDate "2006.06.04"]
[EventType "swiss"]
[EventRounds "11"]
[EventCountry "GER"]
[SourceTitle "EXT 2007"]
[Source "ChessBase"]
[SourceDate "2006.11.23"]
[SourceVersion "1"]
[SourceVersionDate "2006.11.23"]
[SourceQuality "1"]

1. e4 c5 2. c3 d6 3. d4 cxd4 4. cxd4 Nf6 5. Nc3 Bd7 6. Nf3 g6 7. e5 Ng4 8. h3 Nh6 9. Bxh6 Bxh6 10. Bc4 Qc7 11. Qb3 0-0 12. 0-0 Nc6 13. Bd5 e6 14. Bxc6 Bxc6 15. Nb5 Bxb5 16. Qxb5 a6 17. Qe2 Rfd8 18. Rfd1 Bg7 19. Rac1 Qa5 20. b3 Rac8 1/2-1/2